Catálogo de la Biblioteca Horacio González - Universidad Nacional de General Sarmiento

La verdadera historia de la primera fundación de Buenos Aires (Registro nro. 53833)

Detalles MARC
000 -CABECERA
campo de control de longitud fija 01508ngm a22003730a 4500
001 - NÚMERO DE CONTROL
campo de control PT43887
003 - IDENTIFICADOR DEL NÚMERO DE CONTROL
campo de control AR-LpoUNG
005 - FECHA Y HORA DE LA ÚLTIMA TRANSACCIÓN
campo de control 20210201235943.0
007 - CAMPO FIJO DE DESCRIPCIÓN FÍSICA--INFORMACIÓN GENERAL
campo de control de longitud fija vd cvaizq
008 - DATOS DE LONGITUD FIJA--INFORMACIÓN GENERAL
campo de control de longitud fija 191001s[201||||ag |||||||||||||||||spa d
037 ## - FUENTE DE ADQUISICIÓN
Condiciones de disponibilidad $10
040 ## - FUENTE DE LA CATALOGACIÓN
Centro catalogador/agencia de origen AR-LpoUNG
Lengua de catalogación spa
Centro/agencia transcriptor AR-LpoUNG
Normas de descripción aacr
041 ## - CÓDIGO DE LENGUA
Código de lengua del texto/banda sonora o título independiente spa
044 ## - CÓDIGO DEL PAÍS DE LA ENTIDAD EDITORA/PRODUCTORA
Código MARC del país ag
082 0# - NÚMERO DE LA CLASIFICACIÓN DECIMAL DEWEY
Número de clasificación 302.1 617v3
100 1# - ENTRADA PRINCIPAL--NOMBRE DE PERSONA
Nombre de persona Birri, Fernando
Término indicativo de función/relación dir.
245 13 - MENCIÓN DE TÍTULO
Título La verdadera historia de la primera fundación de Buenos Aires
260 ## - PUBLICACIÓN, DISTRIBUCIÓN, ETC.
Lugar de publicación, distribución, etc. Rosario :
Nombre del editor, distribuidor, etc. ISCAA - ATE,
Fecha de publicación, distribución, etc. [2011].
300 ## - DESCRIPCIÓN FÍSICA
Extensión DVD (35 min.) : son., byn
505 0# - NOTA DE CONTENIDO CON FORMATO
Nota de contenido con formato Hecha en 1959.- Fotografía: Enrique Wallfish. - Música: Virtú Maragno, con la asistencia de Manuel Horacio Jiménez. - Montaje: Antonio Ripoll
520 ## - SUMARIO, ETC.
Sumario, etc. En 1956, el diseñador humorístico Oski realiza una obra sobre la fundación de Buenos Aires. Fernando Birri realiza un filme a partir de esta obra en 1959, utilizando el texto original del explorador alemán Ulrich Schmidel. Este filme, desaparecido en los años de la dictadura, fue restaurado milagrosamente en video en el año 2000. La historia que el documental describe puede ser comparada con la situación del cine latinoamericano a lo largo de todos estos años.
650 #4 - PUNTO DE ACCESO ADICIONAL DE MATERIA--TÉRMINO DE MATERIA
Término de materia o nombre geográfico como elemento de entrada ARGENTINA
650 #4 - PUNTO DE ACCESO ADICIONAL DE MATERIA--TÉRMINO DE MATERIA
Término de materia o nombre geográfico como elemento de entrada CULTURA
650 #4 - PUNTO DE ACCESO ADICIONAL DE MATERIA--TÉRMINO DE MATERIA
Término de materia o nombre geográfico como elemento de entrada MARGINALIDAD
650 #4 - PUNTO DE ACCESO ADICIONAL DE MATERIA--TÉRMINO DE MATERIA
Término de materia o nombre geográfico como elemento de entrada POBREZA
650 #4 - PUNTO DE ACCESO ADICIONAL DE MATERIA--TÉRMINO DE MATERIA
Término de materia o nombre geográfico como elemento de entrada PROBLEMAS SOCIALES
651 #4 - PUNTO DE ACCESO ADICIONAL DE MATERIA--NOMBRE GEOGRÁFICO
Nombre geográfico Argentina
653 ## - TÉRMINO DE INDIZACIÓN--NO CONTROLADO
Término no controlado CINE ARGENTINO
653 ## - TÉRMINO DE INDIZACIÓN--NO CONTROLADO
Término no controlado DOCUMENTALES
653 ## - TÉRMINO DE INDIZACIÓN--NO CONTROLADO
Término no controlado DVD
653 ## - TÉRMINO DE INDIZACIÓN--NO CONTROLADO
Término no controlado VIDEOS
905 ## - ELEMENTOS DE DATOS E LOCAL, LDE (RLIN)
a 43887
942 ## - ELEMENTOS DE PUNTO DE ACCESO ADICIONAL (KOHA)
Tipo de ítem Koha DVD
Existencias
Estado de retiro Estado de pérdida Estado dañado No para préstamo Código de colección Localización permanente Ubicación/localización actual Fecha de adquisición Total de préstamos Signatura topográfica completa Código de barras Fecha visto por última vez Precio válido a partir de Tipo de ítem Koha
        Colección Cine Biblioteca Universidad Nacional de General Sarmiento Biblioteca Universidad Nacional de General Sarmiento 01/02/2021   302.1 617v3 00047424 01/02/2021 01/02/2021 DVD